| 000 | 00787nam a2200229 a 4500 | ||
|---|---|---|---|
| 001 | 12617 | ||
| 003 | CO-ViMGA | ||
| 008 | 141112s2004 ck r 000 u spa d | ||
| 020 | _a9589177018 | ||
| 040 |
_aCO-ViMGA _bspa _cCO-ViMGA |
||
| 082 | 0 | 4 | _a025.1 M178m |
| 100 | 1 |
_aMartínez, Cáceres Lucila _918228 |
|
| 110 |
_aInstituto Colombiano de Cultura _916266 |
||
| 245 | 1 | 0 |
_aMarketing cultural y biblioteca pública : _bEstrategias de Gerencia Creativa |
| 260 |
_aBogotá : _bColcultura, _c1991 |
||
| 300 | _a71p. : il. | ||
| 490 | _aBiblioteca Nacional de Colombia Manuales y Guias 3 | ||
| 650 | 1 | 4 |
_aBIBLIOTECAS PUBLICAS - ADMINISTRACION _918229 |
| 650 | 1 | 4 |
_aPROMOCION DE SERVICIOS DE INFORMACION _918230 |
| 650 | 1 | 4 |
_aSERVICIOS DE INFORMACION - MERCADEO _918231 |
| 942 |
_2ddc _cBK |
||
| 999 |
_c23609 _d23609 |
||